Fundamentos de la ciencia e ingeniería de materiales

Guardat en:
Dades bibliogràfiques
Autor principal: Smith, William Fortune (Autor)
Format: Llibre
Idioma:espanyol
Publicat: Ciudad de México McGraw-Hill 1994
Edició:2a. ed
Matèries:
Etiquetes: Afegir etiqueta
Sense etiquetes, Sigues el primer a etiquetar aquest registre!

MARC

LEADER 00000nam a2200000 a 4500
001 UCT5689
003 CL-VaPUC
008 961216e19940000MX |||||||||||||||||spa|d
082 0 4 |a 620.11  |b SMI  |2 21 
100 0 |a Smith, William Fortune  |e author  |9 375297 
245 1 0 |a Fundamentos de la ciencia e ingeniería de materiales 
250 |a 2a. ed 
300 |a 936 p 
942 |c BK 
945 |d 19961216 00:00:00  |a rleighto 
260 |a Ciudad de México  |b McGraw-Hill  |c 1994 
650 0 |a Materiales de ingeniería   |9 261006 
650 7 |a SOLIDIFICACION  |2 CL-VaPUC  |9 364027 
650 7 |a DIFUSION EN SOLIDOS  |2 CL-VaPUC  |9 375298 
650 0 |a Propiedades mecánicas   |9 262507 
650 0 |a Metales   |9 260686 
650 7 |a MATERIALES CERAMICOS  |2 CL-VaPUC  |9 375299 
650 7 |a MATERIALES MAGNETICOS  |2 CL-VaPUC  |9 271911 
650 7 |a CORROSION  |2 CL-VaPUC  |9 271912 
650 0 |a Materiales compuestos   |9 365510 
583 |a last modification  |c 19961216 00:00:00  |k Rodrigo Vera 
999 |c 254566  |d 254564 
952 |0 0  |1 0  |4 0  |6 620_110000000000000_SMI_1994  |7 0  |8 A  |9 276314  |a BIBING  |b BIBING  |d 2019-11-19  |i 3290182  |o 620.11 SMI 1994  |p 3290182  |r 2023-03-02  |w 2019-11-19  |y BK  |k CCL